Normal view
MARC view
Entry Personal Name
001 - CONTROL NUMBER
- control field: 244016
003 - CONTROL NUMBER IDENTIFIER
- control field: OSt
005 - DATE AND TIME OF LATEST TRANSACTION
- control field: 20251105105857.0
008 - FIXED-LENGTH DATA ELEMENTS
- fixed length control field: 251105|| aca||aabn | a|a d
040 ## - CATALOGING SOURCE
- Original cataloging agency: OSt
- Transcribing agency: OSt
100 ## - HEADING--PERSONAL NAME
- Personal name: KRASHNAMURTI (K S).
- Dates associated with a name: ಕೃಷ್ಣಮೂರ್ತಿ (ಕೆ ಎಸ್)
670 ## - SOURCE DATA FOUND
- Source citation: Work cat.: (OSt)115231: KRASHNAMURTI (K S). ಕೃಷ್ಣಮೂರ್ತಿ (ಕೆ ಎಸ್), Kumaravalmiki virachita torave ramayana samputa 2., 2002